[Event "European Team-ch 2007 Femenino"]
[Site "Creta GRE"]
[Date "2007.11.05"]
[Round "8.2"]
[White "Mkrtchian, Lilit"]
[Black "Rajlich, Iweta"]
[Result "1-0"]
[WhiteElo "2402"]
[BlackElo "2411"]
[PlyCount "117"]
[EventDate "2007.10.28"]
[EventType "team"]
[EventRounds "9"]
[EventCountry "GRE"]
[Source "lmi"]
[SourceDate "2007.10.28"]
[WhiteTeam "Armenia"]
[BlackTeam "Poland"]
[WhiteTeamCountry "ARM"]
[BlackTeamCountry "POL"]

1. e4 g6 2. d4 Bg7 3. Nf3 d6 4. Nc3 a6 5. Be3 b5 6. a4 b4 7. Ne2 Nf6 8. Ng3 Ng4
9. Bd2 c5 10. c3 bxc3 11. bxc3 O-O 12. h3 Nf6 13. Bd3 Qc7 14. O-O c4 15. Bc2 e5
16. Be3 a5 17. Nh2 exd4 18. cxd4 Nc6 19. d5 Nb4 20. Bd4 Ba6 21. Ra3 Ne8 22.
Bxg7 Nxg7 23. Ng4 Qe7 24. Rf3 f6 25. Ne2 Nd3 26. Nc3 h5 27. Nh2 Ne5 28. Re3 h4
29. Qd4 Qa7 30. Qxa7 Rxa7 31. Rb1 Nh5 32. Rb6 Rd8 33. Nf3 Nxf3+ 34. Rxf3 Kf7
35. Ne2 Bc8 36. Nd4 Bd7 37. Rxd6 Rb8 38. e5 Ke7 39. Bxg6 fxe5 40. Rxd7+ Kxd7
41. Rf7+ Kd6 42. Nf5+ Kxd5 43. Rxa7 Nf4 44. Bf7+ Ke4 45. Nd6+ Kd4 46. Nxc4 Rb1+
47. Kh2 Rf1 48. Rd7+ Kc3 49. Ne3 Re1 50. Nd5+ Nxd5 51. Rxd5 Kb4 52. Be8 Re2 53.
Rb5+ Kc4 54. Rxa5 Kd4 55. f3 Ra2 56. Rb5 Ke3 57. Rxe5+ Kf2 58. Bb5 Rb2 59. Re2+
1-0

[Event "European Team-ch 2007 Femenino"]
[Site "Creta GRE"]
[Date "2007.11.05"]
[Round "8.2"]
[White "Zawadzka, Jolanta"]
[Black "Aginian, Nelly"]
[Result "1/2-1/2"]
[WhiteElo "2371"]
[BlackElo "2261"]
[PlyCount "54"]
[EventDate "2007.10.28"]
[EventType "team"]
[EventRounds "9"]
[EventCountry "GRE"]
[Source "lmi"]
[SourceDate "2007.10.28"]
[WhiteTeam "Poland"]
[BlackTeam "Armenia"]
[WhiteTeamCountry "POL"]
[BlackTeamCountry "ARM"]

1. e4 e6 2. d4 d5 3. Nc3 Nf6 4. Bg5 dxe4 5. Nxe4 Be7 6. Bxf6 Bxf6 7. Nf3 O-O 8.
Qd2 Nd7 9. O-O-O b6 10. Qf4 Bb7 11. Bd3 Be7 12. Kb1 Qb8 13. Neg5 Nf6 14. Ne5 h6
15. h4 c5 16. Qg3 cxd4 17. f4 Bd5 18. Ngf3 Bc5 19. Qf2 Qb7 20. Rhg1 b5 21. g4
Qa6 22. a3 Bxa3 23. bxa3 Qxa3 24. Qxd4 Ba2+ 25. Ka1 Bc4+ 26. Kb1 Ba2+ 27. Ka1
Bb3+ 1/2-1/2

[Event "European Team-ch 2007 Femenino"]
[Site "Creta GRE"]
[Date "2007.11.05"]
[Round "8.2"]
[White "Andriasian, Siranush"]
[Black "Dworakowska, Joanna"]
[Result "1/2-1/2"]
[WhiteElo "2234"]
[BlackElo "2316"]
[PlyCount "90"]
[EventDate "2007.10.28"]
[EventType "team"]
[EventRounds "9"]
[EventCountry "GRE"]
[Source "lmi"]
[SourceDate "2007.10.28"]
[WhiteTeam "Armenia"]
[BlackTeam "Poland"]
[WhiteTeamCountry "ARM"]
[BlackTeamCountry "POL"]

1. e4 c5 2. Nf3 d6 3. d4 cxd4 4. Nxd4 Nf6 5. Nc3 a6 6. Be3 e5 7. Nf3 Be7 8. Bc4
O-O 9. O-O Be6 10. Qe2 Qc7 11. Bb3 Rc8 12. Rfd1 Nbd7 13. Rac1 Bc4 14. Qe1 b5
15. Bg5 Qb7 16. Bxc4 Rxc4 17. Nd2 Rc5 18. Nb3 Rc7 19. Bxf6 Nxf6 20. Nd5 Nxd5
21. Rxd5 f5 22. c3 Rf8 23. f3 fxe4 24. Qxe4 Rc4 25. Qd3 Qb6+ 26. Kh1 Qf2 27.
Qd2 Qh4 28. Qe1 Qh5 29. Nd2 Rh4 30. Qg1 Bg5 31. Re1 Rf6 32. Nf1 Rh6 33. Re2 Qf7
34. Rd3 Qc4 35. Rdd2 Bxd2 36. Rxd2 Qxa2 37. Qb6 Qe6 38. Qxa6 Qc4 39. Qa8+ Kf7
40. Qb7+ Ke6 41. Kg1 Qc5+ 42. Kh1 Rg6 43. Qa8 Ke7 44. Qb7+ Ke6 45. Qa8 Ke7
1/2-1/2

[Event "European Team-ch 2007 Femenino"]
[Site "Creta GRE"]
[Date "2007.11.05"]
[Round "8.3"]
[White "Javakhishvili, Lela"]
[Black "Hoang, Thanh Trang"]
[Result "1-0"]
[WhiteElo "2474"]
[BlackElo "2466"]
[PlyCount "51"]
[EventDate "2007.10.28"]
[EventType "team"]
[EventRounds "9"]
[EventCountry "GRE"]
[Source "lmi"]
[SourceDate "2007.10.28"]
[WhiteTeam "Georgia"]
[BlackTeam "Hungary"]
[WhiteTeamCountry "GEO"]
[BlackTeamCountry "HUN"]

1. d4 e6 2. c4 f5 3. Nc3 Nf6 4. Qc2 Bb4 5. e3 b6 6. Bd3 Bb7 7. Nge2 Bxg2 8. Rg1
Be4 9. Bd2 Bxd3 10. Qxd3 O-O 11. O-O-O Nc6 12. f3 Bxc3 13. Nxc3 d5 14. cxd5 Nb4
15. Qc4 Nbxd5 16. e4 fxe4 17. fxe4 Nxc3 18. Qxe6+ Kh8 19. Bxc3 Re8 20. Qf5 Nxe4
21. Rxg7 Kxg7 22. Rg1+ Kh8 23. Qxe4 Qf6 24. Qh4 Qd6 25. d5+ Re5 26. Qg5 1-0

[Event "European Team-ch 2007 Femenino"]
[Site "Creta GRE"]
[Date "2007.11.05"]
[Round "8.3"]
[White "Vajda, Szidonia"]
[Black "Khurtsidze, Nino"]
[Result "1/2-1/2"]
[WhiteElo "2407"]
[BlackElo "2450"]
[PlyCount "92"]
[EventDate "2007.10.28"]
[EventType "team"]
[EventRounds "9"]
[EventCountry "GRE"]
[Source "lmi"]
[SourceDate "2007.10.28"]
[WhiteTeam "Hungary"]
[BlackTeam "Georgia"]
[WhiteTeamCountry "HUN"]
[BlackTeamCountry "GEO"]

1. e4 c5 2. Nf3 d6 3. d4 cxd4 4. Nxd4 Nf6 5. Nc3 Nc6 6. g3 Bd7 7. Bg2 a6 8. O-O
e6 9. a4 Be7 10. Nb3 Na5 11. Nxa5 Qxa5 12. Bd2 Qc7 13. a5 Bc6 14. Be3 O-O 15.
Qd2 Nd7 16. Rfd1 Rfc8 17. f4 b5 18. e5 d5 19. Ne2 Nc5 20. Nd4 Ne4 21. Bxe4 dxe4
22. Nxc6 Qxc6 23. c3 Rd8 24. Bd4 b4 25. Qe3 Rac8 26. Re1 bxc3 27. bxc3 Bc5 28.
Qxe4 Bxd4+ 29. cxd4 Qc3 30. Red1 Rd5 31. Qd3 Qxd3 32. Rxd3 Rc2 33. Raa3 h5 34.
Rac3 Rxc3 35. Rxc3 Rxa5 36. Rc8+ Kh7 37. Rc5 Ra2 38. d5 exd5 39. Rxd5 Kg6 40.
Rd7 a5 41. h3 a4 42. Ra7 a3 43. g4 hxg4 44. hxg4 Kh6 45. Kf1 Kh7 46. Kg1 Kg6
1/2-1/2

[Event "European Team-ch 2007 Femenino"]
[Site "Creta GRE"]
[Date "2007.11.05"]
[Round "8.3"]
[White "Gara, Anita"]
[Black "Lomineishvili, Maia"]
[Result "1/2-1/2"]
[WhiteElo "2315"]
[BlackElo "2409"]
[PlyCount "73"]
[EventDate "2007.10.28"]
[EventType "team"]
[EventRounds "9"]
[EventCountry "GRE"]
[Source "lmi"]
[SourceDate "2007.10.28"]
[WhiteTeam "Hungary"]
[BlackTeam "Georgia"]
[WhiteTeamCountry "HUN"]
[BlackTeamCountry "GEO"]

1. e4 c5 2. Nf3 d6 3. d4 cxd4 4. Nxd4 Nf6 5. Nc3 Nc6 6. Bg5 Bd7 7. Qd2 h6 8.
Bxf6 gxf6 9. O-O-O Nxd4 10. Qxd4 Qa5 11. f4 Rc8 12. Kb1 Qc5 13. Qd3 f5 14. exf5
Bxf5 15. Qg3 Be6 16. Bd3 Qa5 17. Rhe1 Rxc3 18. bxc3 Qxa2+ 19. Kc1 h5 20. Kd2
Qd5 21. Ra1 h4 22. Qf3 Qxf3 23. gxf3 Bh6 24. Rxa7 Bxf4+ 25. Ke2 Rh5 26. Kf2 Rg5
27. Rxb7 Bxh2 28. Rb8+ Kd7 29. Rb7+ Kc6 30. Reb1 Bg1+ 31. Rxg1 Rxg1 32. Rxe7
Ra1 33. Re8 h3 34. Rh8 Ra3 35. f4 Rxc3 36. f5 Bc4 37. Rxh3 1/2-1/2

[Event "European Team-ch 2007 Femenino"]
[Site "Creta GRE"]
[Date "2007.11.05"]
[Round "8.4"]
[White "Zhukova, Natalia"]
[Black "Collas, Silvia"]
[Result "1-0"]
[WhiteElo "2452"]
[BlackElo "2408"]
[PlyCount "76"]
[EventDate "2007.10.28"]
[EventType "team"]
[EventRounds "9"]
[EventCountry "GRE"]
[Source "lmi"]
[SourceDate "2007.10.28"]
[WhiteTeam "Ukraine"]
[BlackTeam "France"]
[WhiteTeamCountry "UKR"]
[BlackTeamCountry "FRA"]

1. d4 Nf6 2. c4 e6 3. Nf3 c5 4. d5 exd5 5. cxd5 Bd6 6. Nc3 O-O 7. Bg5 Re8 8. e3
Bc7 9. d6 Ba5 10. Bc4 Nc6 11. O-O Bxc3 12. bxc3 h6 13. Bh4 b6 14. Re1 Bb7 15.
e4 g5 16. Nxg5 hxg5 17. Bxg5 Ne5 18. Bd3 c4 19. Bc2 Re6 20. f4 Nd3 21. Bxd3 Qc8
22. f5 Rxd6 23. Bxf6 Rxf6 24. Qg4+ Kf8 25. e5 Rh6 26. f6 Qc5+ 27. Kh1 Ke8 28.
Bf5 Bd5 29. Bxd7+ Kd8 30. Bf5 Kc7 31. Qd4 Qxd4 32. cxd4 Rah8 33. h3 Rh4 34. e6
Rxd4 35. exf7 Rf8 36. Re7+ Kd6 37. Bg6 Rd2 38. Rg1 c3 1-0

[Event "European Team-ch 2007 Femenino"]
[Site "Creta GRE"]
[Date "2007.11.05"]
[Round "8.4"]
[White "Milliet, Sophie"]
[Black "Ushenina, Anna"]
[Result "0-1"]
[WhiteElo "2395"]
[BlackElo "2486"]
[PlyCount "112"]
[EventDate "2007.10.28"]
[EventType "team"]
[EventRounds "9"]
[EventCountry "GRE"]
[Source "lmi"]
[SourceDate "2007.10.28"]
[WhiteTeam "France"]
[BlackTeam "Ukraine"]
[WhiteTeamCountry "FRA"]
[BlackTeamCountry "UKR"]

1. e4 c6 2. d4 d5 3. Nc3 g6 4. h3 Bg7 5. Nf3 Nh6 6. Bf4 f6 7. exd5 cxd5 8. Nb5
Na6 9. c4 Nf7 10. cxd5 Qxd5 11. Nc3 Qf5 12. Bb5+ Bd7 13. Bxd7+ Qxd7 14. O-O O-O
15. Qb3 Rfc8 16. Rfe1 Rc6 17. a3 Re8 18. Rad1 Rb6 19. Qa2 e6 20. b4 Kf8 21. Ne4
Qa4 22. Nc3 Qd7 23. b5 Nc7 24. Bxc7 Qxc7 25. Rc1 Qf4 26. a4 f5 27. Qa3+ Qd6 28.
Qc5 a5 29. Nb1 e5 30. dxe5 Nxe5 31. Ng5 h6 32. f4 Qxc5+ 33. Rxc5 Nf3+ 34. Nxf3
Rxe1+ 35. Nxe1 Bd4+ 36. Kf1 Bxc5 37. Nd3 Bd4 38. Nd2 Re6 39. Nc4 b6 40. Nde5
Kg7 41. Ke2 Kf6 42. Kd3 Bxe5 43. fxe5+ Rxe5 44. Nxb6 Re4 45. Nc4 Ke6 46. g4 Kd5
47. Nb6+ Kc5 48. Nd7+ Kd6 49. Nb6 h5 50. gxf5 gxf5 51. Nc4+ Kc5 52. Nxa5 Rxa4
53. Nb3+ Kd5 54. Kc3 Rc4+ 55. Kd3 Rh4 56. Ke2 Rxh3 0-1

[Event "European Team-ch 2007 Femenino"]
[Site "Creta GRE"]
[Date "2007.11.05"]
[Round "8.4"]
[White "Vasilevich, Tatjana"]
[Black "Leconte, Maria"]
[Result "1/2-1/2"]
[WhiteElo "2368"]
[BlackElo "2364"]
[PlyCount "124"]
[EventDate "2007.10.28"]
[EventType "team"]
[EventRounds "9"]
[EventCountry "GRE"]
[Source "lmi"]
[SourceDate "2007.10.28"]
[WhiteTeam "Ukraine"]
[BlackTeam "France"]
[WhiteTeamCountry "UKR"]
[BlackTeamCountry "FRA"]

1. d4 Nf6 2. c4 e6 3. g3 c5 4. Nf3 cxd4 5. Nxd4 Qc7 6. Nc3 a6 7. Bg2 Qxc4 8.
Bf4 Nc6 9. Nb3 d5 10. Rc1 Qb4 11. O-O Be7 12. a3 Qb6 13. Na4 Qd8 14. Be3 Nd7
15. f4 O-O 16. Qd2 a5 17. Rfd1 b5 18. Nc3 Nb6 19. Nxb5 Bd7 20. Nc5 Rb8 21. Nxd7
Qxd7 22. Nd4 Nxd4 23. Qxd4 Bf6 24. Qd2 Qa4 25. b3 Qb5 26. a4 Qa6 27. Rc5 d4 28.
Bf2 Rfd8 29. Rxa5 Qc8 30. Rb5 Qd7 31. e4 dxe3 32. Bxe3 Qc7 33. Qe2 Nd5 34. Bxd5
exd5 35. Rxb8 Qxb8 36. Qd3 h5 37. h4 d4 38. Bd2 Qb7 39. b4 Qd7 40. Ra1 Qg4 41.
Kh2 Bxh4 42. Re1 Bf6 43. b5 h4 44. b6 hxg3+ 45. Qxg3 Qd7 46. a5 Qb5 47. Qf3 g6
48. Rc1 Kg7 49. Kg3 Rh8 50. Kg2 d3 51. b7 Rb8 52. a6 Qxa6 53. Rb1 Qc4 54. Rb4
Qc2 55. Qf2 Bc3 56. Bxc3+ Qxc3 57. Qd4+ Qxd4 58. Rxd4 Rxb7 59. Rxd3 Kf6 60. Kf3
Rb5 61. Ra3 Kf5 62. Rc3 Ra5 1/2-1/2

[Event "European Team-ch 2007 Femenino"]
[Site "Creta GRE"]
[Date "2007.11.05"]
[Round "8.5"]
[White "Paehtz, Elisabeth"]
[Black "Vega Gutierrez, Sabrina"]
[Result "1-0"]
[WhiteElo "2452"]
[BlackElo "2331"]
[PlyCount "63"]
[EventDate "2007.10.28"]
[EventType "team"]
[EventRounds "9"]
[EventCountry "GRE"]
[Source "lmi"]
[SourceDate "2007.10.28"]
[WhiteTeam "Germany"]
[BlackTeam "Espana"]
[WhiteTeamCountry "GER"]
[BlackTeamCountry "ESP"]

1. e4 c5 2. c3 d5 3. exd5 Qxd5 4. d4 e6 5. Nf3 Nf6 6. Na3 Nc6 7. Be3 cxd4 8.
Nb5 Qd8 9. Nbxd4 Nd5 10. Nxc6 bxc6 11. Bd4 f6 12. Bc4 Bd6 13. O-O O-O 14. Re1
Qc7 15. Bb3 Rd8 16. Qe2 e5 17. c4 exd4 18. cxd5 c5 19. Rac1 Bg4 20. h3 Bh5 21.
g4 Re8 22. Qf1 Rxe1 23. Qxe1 Re8 24. Qf1 Bf7 25. Nxd4 Bh2+ 26. Kg2 Bf4 27. Rc2
Qd6 28. Ne6 Bg6 29. Rxc5 Be4+ 30. f3 Rxe6 31. Rc8+ Kf7 32. dxe6+ 1-0

[Event "European Team-ch 2007 Femenino"]
[Site "Creta GRE"]
[Date "2007.11.05"]
[Round "8.5"]
[White "Calzetta, Monica"]
[Black "Kachiani-G, Ketino"]
[Result "1/2-1/2"]
[WhiteElo "2287"]
[BlackElo "2404"]
[PlyCount "62"]
[EventDate "2007.10.28"]
[EventType "team"]
[EventRounds "9"]
[EventCountry "GRE"]
[Source "lmi"]
[SourceDate "2007.10.28"]
[WhiteTeam "Espana"]
[BlackTeam "Germany"]
[WhiteTeamCountry "ESP"]
[BlackTeamCountry "GER"]

1. e4 e5 2. Nf3 Nc6 3. Bb5 a6 4. Ba4 Nf6 5. Qe2 b5 6. Bb3 Be7 7. c3 O-O 8. d4
d6 9. Nbd2 exd4 10. cxd4 Bg4 11. Qe3 Na5 12. Bc2 c5 13. O-O cxd4 14. Nxd4 Rc8
15. h3 Bd7 16. Rd1 Re8 17. N2f3 Bf8 18. b3 h6 19. Qf4 Nc6 20. Bb2 Ne5 21. Re1
Qa5 22. Re2 Ng6 23. Qe3 Nxe4 24. Bxe4 d5 25. Bxg6 Rxe3 26. Bxf7+ Kxf7 27. Rxe3
Kg8 28. Ne5 Be8 29. a3 Qd2 30. Re2 Qg5 31. Rae1 Bh5 1/2-1/2

[Event "European Team-ch 2007 Femenino"]
[Site "Creta GRE"]
[Date "2007.11.05"]
[Round "8.5"]
[White "Michna, Marta"]
[Black "Llaneza Vega, Patricia"]
[Result "1-0"]
[WhiteElo "2375"]
[BlackElo "2272"]
[PlyCount "93"]
[EventDate "2007.10.28"]
[EventType "team"]
[EventRounds "9"]
[EventCountry "GRE"]
[Source "lmi"]
[SourceDate "2007.10.28"]
[WhiteTeam "Germany"]
[BlackTeam "Espana"]
[WhiteTeamCountry "GER"]
[BlackTeamCountry "ESP"]

1. e4 c5 2. b3 Nc6 3. Bb2 a6 4. d3 e6 5. Nd2 d5 6. g3 Nf6 7. Bg2 Be7 8. Ngf3
O-O 9. O-O b5 10. Qe2 Rb8 11. Ne5 Bb7 12. Nxc6 Bxc6 13. e5 Nd7 14. c4 Nb6 15.
f4 Qe8 16. Rac1 bxc4 17. dxc4 d4 18. Ne4 Bxe4 19. Bxe4 g6 20. g4 f5 21. exf6
Bxf6 22. Qg2 Qe7 23. g5 Bg7 24. Rce1 Qd6 25. Bc1 Rbd8 26. h4 Nc8 27. Bd3 Ne7
28. Qe4 Nf5 29. Qxe6+ Qxe6 30. Rxe6 Nxh4 31. Rxa6 Ra8 32. Rxa8 Rxa8 33. Rf2 Nf5
34. a4 Rb8 35. a5 Ra8 36. Ra2 Ra6 37. Be4 Nd6 38. Bd5+ Kf8 39. Bd2 Ke8 40. Kf2
Kd7 41. Ke2 h6 42. gxh6 Bxh6 43. Kd3 Ne8 44. Ra1 Bf8 45. Bb7 Ra7 46. Be4 Ra6
47. Rg1 1-0

[Event "European Team-ch 2007 Femenino"]
[Site "Creta GRE"]
[Date "2007.11.05"]
[Round "8.5"]
[White "Hernandez, Yudania"]
[Black "Ohme, Melanie"]
[Result "0-1"]
[WhiteElo "2263"]
[BlackElo "2274"]
[PlyCount "164"]
[EventDate "2007.10.28"]
[EventType "team"]
[EventRounds "9"]
[EventCountry "GRE"]
[Source "lmi"]
[SourceDate "2007.10.28"]
[WhiteTeam "Espana"]
[BlackTeam "Germany"]
[WhiteTeamCountry "ESP"]
[BlackTeamCountry "GER"]

1. e4 c5 2. Nf3 d6 3. d4 cxd4 4. Nxd4 Nf6 5. Nc3 Nc6 6. Bg5 e6 7. Qd2 Qb6 8.
O-O-O Nxd4 9. Qxd4 Qxd4 10. Rxd4 a6 11. Be2 Bd7 12. Bf3 Bc6 13. Re1 Be7 14. Nb1
Rd8 15. Bd2 O-O 16. Bb4 Rd7 17. c4 Rc8 18. Nc3 b5 19. cxb5 Bxb5 20. Kb1 e5 21.
Rd2 Bc4 22. Red1 Ne8 23. Bg4 Be6 24. Be2 Rc6 25. Nd5 Bg5 26. Rc2 Bxd5 27. Rxd5
Rdc7 28. Bd3 g6 29. a3 Kg7 30. f3 Be3 31. Rxc6 Rxc6 32. Bc2 h5 33. Ba4 Rc1+ 34.
Ka2 Nf6 35. Rxd6 Bd4 36. Rc6 Rg1 37. Rc2 h4 38. h3 Nh5 39. Bd2 Kf6 40. Bc1 a5
41. Kb3 Nf4 42. Bxf4 exf4 43. Kc4 Ke5 44. Kb5 Rb1 45. b3 Rb2 46. Rc7 Rxg2 47.
Rxf7 Rg3 48. Kc4 Rxh3 49. Re7+ Kf6 50. Re8 Bb2 51. e5+ Kg7 52. Re7+ Kf8 53.
Re8+ Kf7 54. e6+ Kf6 55. Kd5 Bxa3 56. Ke4 g5 57. Ra8 Bb4 58. Rh8 Kxe6 59. Rh6+
Kf7 60. Kf5 Rxf3 61. Kxg5 Be7+ 62. Kf5 Kg7 63. Rg6+ Kh7 64. Rb6 Bc5 65. Rb7+
Kh6 66. Bc6 Rf1 67. Bd5 Rg1 68. Kxf4 h3 69. Be4 Bd6+ 70. Kf5 h2 71. Ke6 Bf4 72.
Rh7+ Kg5 73. Kd5 Kg4 74. Kc4 Bg3 75. Kd4 Bf2+ 76. Ke5 Bg3+ 77. Kd4 Bh4 78. Rg7+
Kf4 79. Rf7+ Kg3 80. Rg7+ Kf2 81. Rf7+ Ke1 82. Rh7 Rg4 0-1

[Event "European Team-ch 2007 Femenino"]
[Site "Creta GRE"]
[Date "2007.11.05"]
[Round "8.6"]
[White "Krivec, Jana"]
[Black "Voiska, Margarita"]
[Result "1-0"]
[WhiteElo "2315"]
[BlackElo "2294"]
[PlyCount "97"]
[EventDate "2007.10.28"]
[EventType "team"]
[EventRounds "9"]
[EventCountry "GRE"]
[Source "lmi"]
[SourceDate "2007.10.28"]
[WhiteTeam "Slovenija"]
[BlackTeam "Bulgaria"]
[WhiteTeamCountry "SLO"]
[BlackTeamCountry "BUL"]

1. e4 c5 2. Nc3 Nc6 3. Bb5 g6 4. Bxc6 dxc6 5. d3 Bg7 6. Be3 b6 7. Qd2 e5 8. f4
exf4 9. Bxf4 h6 10. Nf3 Ne7 11. h3 g5 12. Be5 f6 13. Bh2 O-O 14. g4 Ng6 15. Nd1
Re8 16. Ne3 Bf8 17. Nf5 Be6 18. h4 c4 19. hxg5 hxg5 20. Bg3 cxd3 21. Qh2 Bb4+
22. c3 Bxf5 23. Qh7+ Kf8 24. gxf5 Rxe4+ 25. Kd1 Ne7 26. Nxg5 Qd5 27. Ne6+ Rxe6
28. Qh6+ Ke8 29. Qh5+ Kd7 30. fxe6+ Qxe6 31. cxb4 Rg8 32. Re1 Qc4 33. Rc1 Qxb4
34. Qh3+ Kd8 35. Re3 Nd5 36. Rxd3 Qe4 37. Kd2 Qb4+ 38. Kc2 Qc4+ 39. Kd2 Qb4+
40. Kd1 Qe4 41. Qf1 f5 42. Rxc6 f4 43. Rd6+ Kc7 44. R6xd5 Rxg3 45. Rd7+ Kc8 46.
Rd8+ Kc7 47. R8d4 Qe5 48. Rc4+ Kb7 49. Rxg3 1-0

[Event "European Team-ch 2007 Femenino"]
[Site "Creta GRE"]
[Date "2007.11.05"]
[Round "8.6"]
[White "Rozic, Vesna"]
[Black "Raeva, Elitsa"]
[Result "1-0"]
[WhiteElo "2277"]
[BlackElo "2242"]
[PlyCount "81"]
[EventDate "2007.10.28"]
[EventType "team"]
[EventRounds "9"]
[EventCountry "GRE"]
[Source "lmi"]
[SourceDate "2007.10.28"]
[WhiteTeam "Slovenija"]
[BlackTeam "Bulgaria"]
[WhiteTeamCountry "SLO"]
[BlackTeamCountry "BUL"]

1. d4 Nf6 2. Nf3 e6 3. Bf4 b6 4. e3 Bb7 5. Nbd2 d6 6. Bd3 Nbd7 7. O-O Qe7 8. e4
h6 9. e5 dxe5 10. Nxe5 Nd5 11. Bg3 O-O-O 12. Ndf3 g5 13. Nxd7 Rxd7 14. Ne5 Bg7
15. Nxd7 Qxd7 16. Qe2 h5 17. h3 Kb8 18. c3 g4 19. h4 Rg8 20. Rfe1 Bf6 21. Rad1
Qd8 22. c4 Nb4 23. Be4 Bxh4 24. Bxh4 Qxh4 25. Bxb7 Kxb7 26. Qe4+ c6 27. a3 Na6
28. b4 Qf6 29. d5 g3 30. dxc6+ Kc8 31. fxg3 Rxg3 32. Re3 Rg4 33. Qd3 Nb8 34. b5
Qg5 35. Rd2 Rxc4 36. Qxc4 Qxe3+ 37. Rf2 Qxa3 38. Rxf7 Qc5+ 39. Qxc5 bxc5 40.
Rxa7 c4 41. Kf2 1-0

[Event "European Team-ch 2007 Femenino"]
[Site "Creta GRE"]
[Date "2007.11.05"]
[Round "8.7"]
[White "Kulovana, Eva"]
[Black "Peptan, Corina-Isabela"]
[Result "1/2-1/2"]
[WhiteElo "2305"]
[BlackElo "2405"]
[PlyCount "113"]
[EventDate "2007.10.28"]
[EventType "team"]
[EventRounds "9"]
[EventCountry "GRE"]
[Source "lmi"]
[SourceDate "2007.10.28"]
[WhiteTeam "Czech Republic"]
[BlackTeam "Romania"]
[WhiteTeamCountry "CZE"]
[BlackTeamCountry "ROM"]

1. e4 c5 2. Nf3 a6 3. c4 e6 4. Nc3 Nc6 5. d4 cxd4 6. Nxd4 Bb4 7. Nxc6 bxc6 8.
Qd4 f6 9. a3 c5 10. Qe3 Bxc3+ 11. Qxc3 Bb7 12. Qg3 Kf7 13. Bd3 Ne7 14. O-O a5
15. Be3 Rc8 16. Rad1 Qc7 17. f4 Rhf8 18. e5 f5 19. Be2 Be4 20. Qh4 Ng6 21. Bh5
Rb8 22. Rd2 Rb7 23. Rfd1 Rc8 24. Qf2 Kg8 25. Bxg6 hxg6 26. h3 Bc6 27. Bxc5 Ba4
28. b4 Bxd1 29. Rxd1 axb4 30. axb4 Qc6 31. Qg3 Kf7 32. Qg5 Qa4 33. Qe7+ Kg8 34.
Rd3 Qc6 35. Qg5 Qe4 36. Rg3 Qxc4 37. Qxg6 d6 38. exd6 Rf7 39. Kh2 Rd8 40. Qg5
Rdd7 41. Ra3 Rf8 42. Qg3 Rf6 43. Rc3 Qd5 44. Qf3 Qxf3 45. Rxf3 Rf8 46. Re3 Kf7
47. g4 Ra8 48. Kg3 Ra1 49. Kf2 Ra2+ 50. Kf3 Rh2 51. Kg3 Rb2 52. Ra3 Rc2 53. Ra8
Rc3+ 54. Kh4 Kg6 55. Re8 Kf7 56. Ra8 Kg6 57. Re8 1/2-1/2

[Event "European Team-ch 2007 Femenino"]
[Site "Creta GRE"]
[Date "2007.11.05"]
[Round "8.7"]
[White "Voicu, Carmen"]
[Black "Nemcova, Katerina"]
[Result "0-1"]
[WhiteElo "2333"]
[BlackElo "2255"]
[PlyCount "46"]
[EventDate "2007.10.28"]
[EventType "team"]
[EventRounds "9"]
[EventCountry "GRE"]
[Source "lmi"]
[SourceDate "2007.10.28"]
[WhiteTeam "Romania"]
[BlackTeam "Czech Republic"]
[WhiteTeamCountry "ROM"]
[BlackTeamCountry "CZE"]

1. d4 Nf6 2. Nc3 d5 3. Bg5 e6 4. e4 dxe4 5. Nxe4 Be7 6. Bxf6 Bxf6 7. Nf3 O-O 8.
c3 Nd7 9. Bd3 b6 10. Qc2 Bb7 11. O-O-O Qe7 12. h4 c5 13. Nfg5 h6 14. f4 cxd4
15. Bb5 Rfd8 16. cxd4 Nf8 17. Nxf6+ Qxf6 18. Qf2 hxg5 19. hxg5 Rac8+ 20. Kb1
Qf5+ 21. Bd3 Be4 22. Bxe4 Qxe4+ 23. Ka1 Ng6 0-1

[Event "European Team-ch 2007 Femenino"]
[Site "Creta GRE"]
[Date "2007.11.05"]
[Round "8.7"]
[White "Blazkova, Petra"]
[Black "Motoc, Alina"]
[Result "0-1"]
[WhiteElo "2239"]
[BlackElo "2300"]
[PlyCount "70"]
[EventDate "2007.10.28"]
[EventType "team"]
[EventRounds "9"]
[EventCountry "GRE"]
[Source "lmi"]
[SourceDate "2007.10.28"]
[WhiteTeam "Czech Republic"]
[BlackTeam "Romania"]
[WhiteTeamCountry "CZE"]
[BlackTeamCountry "ROM"]

1. e4 c5 2. Nf3 d6 3. d4 cxd4 4. Nxd4 Nf6 5. Nc3 a6 6. Bc4 e6 7. Bb3 Nc6 8. Be3
Qc7 9. Qe2 b5 10. Nxc6 Qxc6 11. O-O-O Be7 12. f4 Nxe4 13. Nd5 a5 14. a4 bxa4
15. Bc4 Qb7 16. Bb5+ Kf8 17. Nxe7 Kxe7 18. Bd4 a3 19. bxa3 Rb8 20. a4 Bd7 21.
Rhe1 Bxb5 22. axb5 f5 23. b6 Qc6 24. Rd3 a4 25. Rc3 Nxc3 26. Qxe6+ Kd8 27. Bxg7
Rxb6 28. Bxh8 Rb1+ 29. Kd2 Ne4+ 30. Rxe4 Qxe4 31. Qg8+ Kc7 32. Qg3 Qd5+ 33. Kc3
Qa5+ 34. Kd3 Rd1+ 35. Ke3 Qd2+ 0-1

[Event "European Team-ch 2007 Femenino"]
[Site "Creta GRE"]
[Date "2007.11.05"]
[Round "8.7"]
[White "Paulet, Iozefina"]
[Black "Cedikova, Katerina"]
[Result "1-0"]
[WhiteElo "2276"]
[BlackElo "2171"]
[PlyCount "99"]
[EventDate "2007.10.28"]
[EventType "team"]
[EventRounds "9"]
[EventCountry "GRE"]
[Source "lmi"]
[SourceDate "2007.10.28"]
[WhiteTeam "Romania"]
[BlackTeam "Czech Republic"]
[WhiteTeamCountry "ROM"]
[BlackTeamCountry "CZE"]

1. d4 g6 2. e4 d6 3. Nc3 Nf6 4. Be3 c6 5. Qd2 b5 6. Bd3 Nbd7 7. Nf3 e5 8. h3
Bg7 9. O-O O-O 10. dxe5 dxe5 11. a4 b4 12. Ne2 Qe7 13. c3 b3 14. Ng3 Nc5 15.
Bxc5 Qxc5 16. Qe2 Bh6 17. Bc4 Bf4 18. Kh1 a5 19. Ra3 Rd8 20. Rxb3 Kg7 21. Re1
h5 22. Nf1 Bh6 23. Ra3 Rb8 24. Raa1 Bf4 25. Rad1 Rh8 26. g3 Bh6 27. Kg2 g5 28.
Ng1 g4 29. h4 Rf8 30. b3 Nd7 31. Ne3 Nf6 32. Nc2 Be6 33. Bxe6 fxe6 34. b4 Qxc3
35. Rd3 Qb2 36. bxa5 Ra8 37. Rdd1 Rxa5 38. Qc4 Qb7 39. Rd6 Rf7 40. Rxc6 Qa7 41.
Ne3 Rxa4 42. Qxe6 Bxe3 43. Rxe3 Ra2 44. Re2 Rxe2 45. Nxe2 Qd7 46. Nc3 Qd4 47.
Qf5 Nxe4 48. Qg6+ Kf8 49. Nxe4 Rxf2+ 50. Nxf2 1-0

[Event "European Team-ch 2007 Femenino"]
[Site "Creta GRE"]
[Date "2007.11.05"]
[Round "8.8"]
[White "Golubenko, Valentina"]
[Black "Mamedjarova, Zeinab"]
[Result "1/2-1/2"]
[WhiteElo "2264"]
[BlackElo "2326"]
[PlyCount "81"]
[EventDate "2007.10.28"]
[EventType "team"]
[EventRounds "9"]
[EventCountry "GRE"]
[Source "lmi"]
[SourceDate "2007.10.28"]
[WhiteTeam "Croatia"]
[BlackTeam "Azerbaijan"]
[WhiteTeamCountry "CRO"]
[BlackTeamCountry "AZE"]

1. d4 d5 2. Nf3 Nf6 3. c4 dxc4 4. e3 c5 5. Bxc4 e6 6. Nc3 Be7 7. O-O O-O 8. Qe2
cxd4 9. Rd1 Nc6 10. exd4 Nb4 11. Ne5 Nbd5 12. Bg5 Nxc3 13. bxc3 Nd5 14. Bxe7
Qxe7 15. Rac1 b6 16. Bxd5 exd5 17. Qb5 Bb7 18. c4 dxc4 19. Nxc4 Rac8 20. Ne3
Rfd8 21. Rxc8 Bxc8 22. d5 Qd7 23. Qb3 h6 24. Qc3 Qd6 25. h3 Bd7 26. Rc1 Rc8 27.
Qd2 Rc5 28. Rxc5 Qxc5 29. Qb2 Qa5 30. Qc2 Qc5 31. Qe4 b5 32. Qh4 Qc1+ 33. Kh2
Qc7+ 34. Kg1 Qc1+ 35. Kh2 Qc7+ 36. Kg1 a5 37. Qe7 b4 38. Nc4 Qxc4 39. Qxd7 Qc1+
40. Kh2 Qf4+ 41. Kg1 1/2-1/2